Penderaan kanak-kanak : (Record no. 2020)
[ view plain ]
| 000 -LEADER | |
|---|---|
| fixed length control field | nam a22 a 4500 |
| 003 - CONTROL NUMBER IDENTIFIER | |
| control field | AKMAL |
| 005 - DATE AND TIME OF LATEST TRANSACTION | |
| control field | 20170515085604.0 |
| 008 - FIXED-LENGTH DATA ELEMENTS--GENERAL INFORMATION | |
| fixed length control field | 170515s2007 my | e | o000 0 may d |
| 039 #9 - LEVEL OF BIBLIOGRAPHIC CONTROL AND CODING DETAIL [OBSOLETE] | |
| Level of rules in bibliographic description | 201005111015 |
| Level of effort used to assign nonsubject heading access points | naima |
| Level of effort used to assign subject headings | 200911100849 |
| Level of effort used to assign classification | fatimah |
| Level of effort used to assign subject headings | 200810161114 |
| Level of effort used to assign classification | anisatul |
| Level of effort used to assign subject headings | 200809221531 |
| Level of effort used to assign classification | norliar |
| 040 ## - CATALOGING SOURCE | |
| Original cataloging agency | AKMAL |
| 082 04 - DEWEY DECIMAL CLASSIFICATION NUMBER | |
| Classification number | 364.155407209595 KHA |
| Edition number | 22 |
| 090 00 - LOCALLY ASSIGNED LC-TYPE CALL NUMBER (OCLC); LOCAL CALL NUMBER (RLIN) | |
| Classification number (OCLC) (R) ; Classification number, CALL (RLIN) (NR) | 364.155407209595 |
| Local cutter number (OCLC) ; Book number/undivided call number, CALL (RLIN) | KHA |
| 100 0# - MAIN ENTRY--PERSONAL NAME | |
| Personal name | Khadijah Alavi |
| 9 (RLIN) | 4189 |
| 245 10 - TITLE STATEMENT | |
| Title | Penderaan kanak-kanak : |
| Remainder of title | cabaran, cegahan dan membantu / |
| Statement of responsibility, etc. | Khadijah Alavi, Mohamed Fadzil Che Din |
| 260 ## - PUBLICATION, DISTRIBUTION, ETC. | |
| Place of publication, distribution, etc. | Kuala Lumpur : |
| Name of publisher, distributor, etc. | Institut Sosial Malaysia, |
| Date of publication, distribution, etc. | 2007 |
| 300 ## - PHYSICAL DESCRIPTION | |
| Extent | vi, 101ms. ; |
| Dimensions | 26cm |
| 504 ## - BIBLIOGRAPHY, ETC. NOTE | |
| Bibliography, etc. note | Bibliografi : ms. 96 |
| 650 10 - SUBJECT ADDED ENTRY--TOPICAL TERM | |
| Topical term or geographic name entry element | Child abuse |
| General subdivision | Research |
| Geographic subdivision | Malaysia |
| 9 (RLIN) | 4190 |
| 650 20 - SUBJECT ADDED ENTRY--TOPICAL TERM | |
| Topical term or geographic name entry element | Child abuse |
| General subdivision | Prevention |
| -- | Research |
| Geographic subdivision | Malaysia |
| 9 (RLIN) | 4191 |
| 650 20 - SUBJECT ADDED ENTRY--TOPICAL TERM | |
| Topical term or geographic name entry element | Abused children |
| General subdivision | Counseling of |
| -- | Research |
| Geographic subdivision | Malaysia |
| 9 (RLIN) | 4192 |
| 700 0# - ADDED ENTRY--PERSONAL NAME | |
| Personal name | Mohamed Fadzil Che Din |
| 9 (RLIN) | 4193 |
| 942 ## - ADDED ENTRY ELEMENTS (KOHA) | |
| Source of classification or shelving scheme | |
| Koha item type | Book |
| Withdrawn status | Lost status | Source of classification or shelving scheme | Damaged status | Not for loan | Collection code | Home library | Current library | Shelving location | Date acquired | Inventory number | Total Checkouts | Full call number | Barcode | Date last seen | Price effective from | Koha item type |
|---|---|---|---|---|---|---|---|---|---|---|---|---|---|---|---|---|
| NON-FICTION | AKMAL Melaka | AKMAL Melaka | PINJAMAN | 15.05.2017 | 304841 | 364.155407209595 KHA | 201706109 | 15.05.2017 | 15.05.2017 | Book |
